Titisan Zuriat

Bibliographic Details
Main Author: Abdul Hamid Arshat
Format: Book
Language:Malay
Published: Kuala Lumpur : Pustaka Wira , 1988
Subjects:

MARC

LEADER 00000cam a2200000 7i4500
001 0000000306
005 20230713.0
008 991123 my may
020 |a 9838560006 (pbk) 
040 |a INS 
090 0 0 |a RG551   |b .A136 1988 
100 0 |a Abdul Hamid Arshat 
245 1 0 |a Titisan Zuriat   |c Prof Dr Abdul Hamid Arshat 
260 |a Kuala Lumpur :   |b Pustaka Wira ,   |c 1988 
300 |a ix, 137 p. :   |b ill. ;   |c 22 cm. 
650 0 |a Gynecology 
650 0 |a Obstetrics   |x study and teaching 
999 |a 0000003127   |b BOOK   |c Open Shelf   |e Default branch